Cancionero gallego del trovador Pero da Ponte / (Record no. 63041)

MARC details
000 -LEADER
campo de control de longitud fija 00610nam a2200193 i 4500
001 - NÚMERO DE CONTROL
campo de control 63041
003 - IDENTIFICADOR DE NÚMERO DE CONTROL
campo de control ES-MaACL
005 - FECHA Y HORA DE LA ÚLTIMA TRANSACCIÓN
campo de control 20230906164756.0
007 - CAMPO FIJO DE DESCRIPCIÓN FÍSICA--INFORMACIÓN GENERAL
campo de control de longitud fija t|
008 - DATOS DE LONGITUD FIJA--INFORMACIÓN GENERAL
campo de control de longitud fija 031127s1956 sp |||| | spa d
100 1# - ENTRADA PRINCIPAL--NOMBRE DE PERSONA
Nombre de persona Fernández Pousa, Ramón
9 (RLIN) 50010
245 10 - MENCIÓN DEL TÍTULO
Título Cancionero gallego del trovador Pero da Ponte /
Mención de responsabilidad, etc. por Ramón Fernández Pousa.
260 ## - PUBLICACIÓN, DISTRIBUCIÓN, ETC.
Lugar de publicación, distribución, etc. [Madrid :
Nombre del editor, distribuidor, etc. s.n.,
Fecha de publicación, distribución, etc. 1956]
300 ## - DESCRIPCIÓN FÍSICA
Extensión 19 h. ;
Dimensiones 24 cm.
595 ## -
-- Separata de: Revista de archivos, bibliotecas y museos, t. 62, n. 3, 1956.
600 04 - PUNTO DE ACCESO ADICIONAL DE MATERIA--NOMBRE DE PERSONA
Nombre de persona Pero da Ponte.
9 (RLIN) 170825
852 ## - LOCALIZACIÓN
Ubicación ES-MaACL
Número de control de estantería 1984-F-8
Holdings
Estatus retirado Estado de pérdida Estado de daño No para préstamo Colección Biblioteca de origen Biblioteca actual Ubicación en estantería Fecha de adquisición Fuente de adquisición Total de préstamos Signatura topográfica completa Código de barras Visto por última vez Precio de reemplazo Tipo de ítem Koha
        Colección de folletos Biblioteca del Ateneo de Madrid Biblioteca del Ateneo de Madrid Depósito folletos 17/01/2008     1984-F-8 1066089 23/02/2023 23/02/2023 Folleto